Venezuela: victims and victimizers /
Gardado en:
| Autor Principal: | |
|---|---|
| Formato: | Desconocido |
| Idioma: | English |
| Etiquetas: |
Engadir etiqueta
Sen Etiquetas, Sexa o primeiro en etiquetar este rexistro!
|
MARC
| LEADER | 00000 a2200000 04500 | ||
|---|---|---|---|
| 001 | 46602 | ||
| 003 | cru CIDCACS/IIS | ||
| 005 | 20191018100551.0 | ||
| 008 | 191018s2017 it t| p|r || ||eng|d | ||
| 999 | |c 42506 |d 42506 | ||
| 040 | |c cru CIDCACS/IIS | ||
| 100 | 1 | |9 8714 |a Ledo, Gretel | |
| 245 | 1 | |a Venezuela: |b victims and victimizers / |c Gretel Ledo | |
| 300 | |a páginas 37-38 | ||
| 773 | 0 | |0 4879 |9 3143 |a Einstein Center for International Studies |d Italia : Einstein Center for International Studies |o 17613 |t The Federalist Debate: |w (cru CIDCACS/IIS)46602 |x 15918483 | |
| 942 | |2 ddc |c PP | ||
